| 000 | 00000cam 2200000zi 4500 |
| 001 | 9.955429 |
| 003 | CaOODSP |
| 005 | 20260604134053 |
| 006 | m o d f |
| 007 | cr |n||||||||| |
| 008 | 250917e202509##onc o f|0| 0 eng d |
| 020 | |a9780660790121 |
| 040 | |aCaOODSP|beng|erda|cCaOODSP |
| 043 | |an-cn--- |
| 086 | 1 |aP114-41/2025E-PDF |
| 245 | 00|a"Bait and switch" : |bprocurement practice review of replacement resources in professional services contracts. |
| 264 | 1|a[Ottawa] : |bGovernment of Canada, Office of the Procurement Ombud = Gouvernement du Canada, Bureau de l'ombud de l'approvisionnement, |cSeptember 2025. |
| 300 | |a1 online resource (45 pages) |
| 336 | |atext|btxt|2rdacontent |
| 337 | |acomputer|bc|2rdamedia |
| 338 | |aonline resource|bcr|2rdacarrier |
| 500 | |aIssued also in French under title: « Appât et substitution » : examen des pratiques d'approvisionnement relatives au remplacement de ressources dans les contrats de services professionnels. |
| 520 | |a"This review was undertaken to determine whether procurement practices pertaining to the replacement of resources were conducted in a fair and transparent manner. To make this determination, OPO examined whether these practices were consistent with Canada’s obligations under national and international trade agreements, the Financial Administration Act and the regulations made under it, the Directive on the Management of Procurement (DMP) and, where applicable, organizational policies and guidelines"--Objective and Scope, page 4. |
| 650 | 0|aGovernment purchasing|zCanada. |
| 650 | 0|aContracting out|zCanada. |
| 710 | 1 |aCanada. |bPublic Services and Procurement Canada, |eissuing body. |
| 710 | 1 |aCanada. |bOffice of the Procurement Ombudsman, |eissuing body. |
| 775 | 08|t« Appât et substitution » : |w(CaOODSP)9.955430 |
| 856 | 40|qPDF|s589 KB|uhttps://publications.gc.ca/collections/collection_2026/spac-pspc/P114-41-2025-eng.pdf |
| 856 | 4 |qHTML|sN/A|uhttps://opo-boa.gc.ca/praapp-prorev/2025/ep-rc-10-2025-eng.html |